000 00985nas a2200301 4500
001 BR2012008696
003 BR-BrBNA
005 20231205121440.0
007 ta
008 230509b bl.|||p| |||| 00| 00por d
040 _aBR-BrBNA
_bpor
_cBiblioteca Nacional de Agricultura
041 _a(Pt)
072 _aL72
100 1 _aBarros, A.T.M.
100 1 _aKoller, W.W.
100 1 _aCatto, J.B.
100 1 _aSoares, C.O.
245 1 _aSurtos por Stomoxys calcitrans em gado de corte Mato Grosso do Sul
246 1 _aStomoxys calcitrans outbreaks in pastured beef cattle in the state of Mato Grosso do Sul, Brazil
650 _aGADO DE CORTE
650 _aPRAGA DE ANIMAL
650 _aMOSCA DOS ESTÁBULOS
650 _aSTOMOXYS CALCITRANS
650 _aMATO GROSSO DO SUL
773 0 _tPesquisa Veterinária Brasileira (Brazil)
_xISSN 0100-736X
_g(Nov 2010), v. 30(11) p. 945-952
_wBR2012008696
909 _a202311
_bLúcia
_c55
_dLúcia Elande
942 _2AGRIS
_n0
_cANA
999 _c223632
_d223632